| 000 | 00660nas a2200241 4500 | ||
|---|---|---|---|
| 001 | BR9204223 | ||
| 003 | BR-BrBNA | ||
| 005 | 20231205092715.0 | ||
| 007 | ta | ||
| 008 | 230509b bl.|||p| |||| 00| 00por d | ||
| 040 |
_aBR-BrBNA _bpor _cBiblioteca Nacional de Agricultura |
||
| 041 | _a(Pt) | ||
| 072 | _aL01 | ||
| 100 | 1 | _aLucas, A.P. | |
| 100 | 1 | _aNovaes, V. | |
| 245 | 1 | _aLucro certo em pouco espaco com as codornas | |
| 650 | _aCODORNA | ||
| 650 | _aCRIACAO | ||
| 650 | _aPRATICO | ||
| 773 | 0 |
_tManchete Rural (Brazil) _xISSN 0102-8901 _g(Oct 1990), (no. 43) p. 4-7 _wBR9204223 |
|
| 909 |
_a202311 _bLúcia _c55 _dLúcia Elande |
||
| 942 |
_2AGRIS _n0 _cANA |
||
| 999 |
_c133551 _d133551 |
||